000
00470nam a2200181Ia 4500
008
090123s9999 xx 000 0 und d
082
_b
3657
100
_a
शहा नलिनी
245
_a
कुलाईची आन
250
_a
2
260
_c
1974
300
_a
111
600
_a
शहा नलिनी
630
_a
कुलाईची आन
700
_a
शहा नलिनी
730
_a
कुलाईची आन
942
_c
BOOK
999
_c
41736
_d
41736